000 00418nam a2200157Ia 4500
008 210423s2006 xx 000 0 und d
020 _a470018542
041 _aeng
082 _a616.89 KAYJ
100 _aKAY (Jerald);TASMAN (Allan).
245 _aEssentials of psychiatry.
260 _aNew Delhi
_bJohn Wiley & Sons
_c2006
300 _axiv,1078
_bPB
365 _b5876
_cINR
906 _aEssentials ; psychiatry.
999 _c157443
_d157443